Monograph of radioelectric measurements and standards : XIIIth General Assembly of URSI, London, 1960 /

Bibliographic Details
Corporate Author: International Scientific Radio Union
Other Authors: Decaux, B. (Bernard)
Format: Book
Language:English
French
Series:URSI monographs.
Subjects:

MARC

Tag First Indicator Second Indicator Subfields
LEADER 00000cam a2200000 4500
001 in00000307201
005 20151010143638.0
008 790223s1961 ne a b 10000 eng d
010 |a  61014942  
035 |a (OCoLC)04686123 
035 |9 ABH5621AM 
040 |a DLC  |c NRC  |d TXA  |d UtOrBLW 
041 0 |a eng  |a fre 
049 |a TXAM  |c [637082] 
050 0 0 |a QC537  |b .I65 
110 2 |a International Scientific Radio Union. 
245 1 0 |a Monograph of radioelectric measurements and standards :  |b XIIIth General Assembly of URSI, London, 1960 /  |c Edited by B. Decaux. 
264 2 |a Amsterdam,  |a New York :  |b Elsevier; [distributed in the U. S. by Van Nostrand, Princeton, N.J.],  |c 1961. 
300 |a 116 pages :  |b illustrations 
336 |a text  |b txt  |2 rdacontent 
337 |a unmediated  |b n  |2 rdamedia 
338 |a volume  |b nc  |2 rdacarrier 
490 1 |a International Scientific Radio Union. URSI monographs 
500 |a A resume of the proceedings of the General Assembly together with the text of the papers, edited by their authors. 
500 |a English or French. 
504 |a Includes bibliographical references. 
650 0 |a Electric measurements  |v Congresses. 
650 0 |a Radio measurements  |x Congresses. 
650 0 |a Frequencies of oscillating systems  |x Congresses. 
650 0 |a Time  |x Systems and standards  |x Congresses. 
700 1 |a Decaux, B.  |q (Bernard) 
740 0 |a Radioelectric measurements and standards. 
830 0 |a URSI monographs. 
999 |a MARS 
999 f f |s 8e070ab8-1e9a-3abf-ac68-c8e324ab4005  |i 8e0a3168-aa1e-349f-84da-064489970781  |t 0 
952 f f |p ric  |a Texas A&M University  |b Rellis Campus  |c Joint Library Facility  |d Remote Storage  |t 0  |e QC537 .I65  |h Library of Congress classification  |i unmediated -- volume  |m A14804634599 
998 f f |a QC537 .I65  |t 0  |l Remote Storage